000 00461nam a2200145Ia 4500
008 151213s9999 xx 000 0 und d
100 _aPatterson, R.S. & Michelli, N.M.
245 _aCenters of pedagogy:
_bnew structures for educational renewal
_cPatterson, R.S. & Michelli, N.M.
260 _aSan Francisco
_bJossey Bass
_c1999
300 _a1728 p.
650 _aEducation
650 _aReference
700 _aPatterson, R.S. & Michelli, N.M.
999 _c1273
_d1273